Uttar Pradesh or Bangladesh? - Statistics

General Stats
  • This quiz has been taken 36 times
  • The average score is 5 of 6
Answer Stats
Question Answer % Correct
Has a more populous capital city. Bangladesh
92%
Receives greater annual rainfall (capital city). Bangladesh
92%
Has a larger population. Uttar Pradesh
85%
Has a larger land area. Uttar Pradesh
85%
Has a higher population density. Bangladesh
69%
Has a larger annual GDP (nominal). Bangladesh
54%
No matching quizzes found
Score Distribution
Percent of People with Each Score
Percentile by Number Answered
Your Score History
You have not taken this quiz